000 00599nam a2200229Ia 4500
001 47621
005 20240114003838.0
007 ta
008 090505s1991 g b000 u u
020 _cHB
040 _aCotton College Assam
082 _a301.209
_bRa 112 Ra
100 _aRabha Adhayan Chakra, .
245 0 _aRabha Adhayan /
_cRabha Adhayan Chakra.
_hTextual Documents
250 _a1st ed /
260 _aDudhnoi :
_bRabha Adhayan Chakra ,
_c1991.
300 _a107p ;
_c23 cm.
653 _aSociology
942 _2ddc
_cBK
999 _c47586
_d47586